Právne aspekty zmluvy o vytvorení a použití webstránky

Bibliographic Details
Main Author: Dolobáč, Marcel, 1980- (Author)
Format: Article
Language:Slovak
ISSN:1210-1605
Subjects:

MARC

LEADER 00000nab a2200000 a 4500
001 vtls008886392
003 SK-MaSNL
005 20260304150731.0
008 250505c2006 xo qr|p|||||||000 b|slo
015 |a SNBRB2006/11 
035 |a (uuid)9eba7c9d-5b14-4bcd-950b-4af353da1d6b 
035 |a urn:nbn:sk:snk-abc13u 
035 |a (urnnbn)urn:nbn:sk:snk:ar-00181o 
038 |a SNKBUCL 
040 |a SNKBUCL  |b slo  |c SNKBUCL  |e AACR2 
041 0 |a slo 
044 |a xo  |c SK 
080 |a 004.738.52  |2 1997 
080 |a 347.77  |2 1997 
080 |a 347.4  |2 1997 
100 1 |a Dolobáč, Marcel,  |d 1980-  |4 aut  |9 14083 
245 1 0 |a Právne aspekty zmluvy o vytvorení a použití webstránky  |c Marcel Dolobáč 
504 |a Bibliogr. odkazy 
650 0 7 |a právne zmluvy  |2 snkbucl  |9 4612 
650 0 7 |a webové stránky  |2 snkbucl  |9 2008 
773 0 |t Duševné vlastníctvo  |g Roč. X, č. 4 (2006), s. 28-32  |x 1210-1605 
850 |a Slovenská národná knižnica 
852 |a Slovenská národná knižnica 
954 |a odborná, vedecká literatúra pôvodná (slovenská)  |2 lita 
958 |a article15 
958 |a OND 
958 |a SK 
958 |a NB 
958 |a EUIPO 
999 |c 2939321  |d 2941251